000 00872cam a22002772 4500
001 12158
003 BD-RjUL
005 20211208235238.0
008 140128s1957 maua 001 0 eng d
035 _a(BD-RjUL)12207
_aOCLC ocm00418126 from D971028M
040 _aDLC
_cDLC
_dIAV
_dUKM
_dEQO
_dBD-RjUL
_beng
041 _aeng
082 0 0 _a576.5
_bSNP 1957
100 1 _aSnyder, Laurence H.
_q(Laurence Hasbrouck),
_d1901-1986
_937649
245 1 4 _aThe principles of heredity /
_cby Laurence H. Snyder and Paul R. David.
250 _a5th ed.
260 _aBoston :
_bHeath,
_c1957.
300 _axi, 507 p. :
_billus.
_c25 cm.
504 _aIncludes index.
650 0 _aHeredity.
_937650
650 0 _aGenetics
_937651
700 1 _aDavid, Paul R.
_q(Paul Rembert),
_d1907-1984.
_9224878
942 _2ddc
_cBK
999 _c12158
_d12158